000 00899nam a22002897a 4500
003 CHAP
005 20220329143856.0
008 120425s1889 mx r 00010 spa d
010 _a103106
011 _a104078
035 _a114767
040 _cCHAP
090 _aFolleto 18184
100 1 _aCervantes, D. Vicente
_921633
245 1 0 _aEnsayo á la materia médica vegetal de México
_c/por D. Vicente Cervantes
260 _aMéxico :
_bEl Estudio,
_c1889
300 _avii, 47 p.
590 _aBATCH-UPD
_b10
_c20130110
_lUCH01
_h1013
590 _aBATCH-UPD
_b10
_c20130410
_lUCH01
_h0620
590 _aBATCH-UPD
_b10
_c20130914
_lUCH01
_h0744
590 _aCONVERSION
_b10
_c20130109
_lUCH01
_h1357
650 1 4 _aBotánica médica.
_914680
650 1 4 _aMateria médica mexicana.
_972930
901 _aBK
942 _cFOLL
949 _aFolleto 18184
_bBC
_cBPP
_d33724002333603
_eBPP
_i114767
_sb
999 _c103106
_d103106